ʻAks : (Record no. 330030)

000 -LEADER
fixed length control field 00834cam a2200253 a 4500
001 - CONTROL NUMBER
control field 1790297
003 - CONTROL NUMBER IDENTIFIER
control field NUST
005 - DATE AND TIME OF LATEST TRANSACTION
control field 20170613092741.0
008 - FIXED-LENGTH DATA ELEMENTS--GENERAL INFORMATION
fixed length control field 810904s1976 pk 000 0 arao
010 ## - LIBRARY OF CONGRESS CONTROL NUMBER
LC control number 77939119
040 ## - CATALOGING SOURCE
Original cataloging agency DLC
Transcribing agency DLC
Modifying agency DLC
041 1# - LANGUAGE CODE
Language code of text/sound track or separate title araurd
043 ## - GEOGRAPHIC AREA CODE
Geographic area code a-is---
050 00 - LIBRARY OF CONGRESS CALL NUMBER
Classification number PJ8190.P3
Item number A54
082 ## - DEWEY DECIMAL CLASSIFICATION NUMBER
Classification number 891.4391
Author Mark AMJ
100 1# - MAIN ENTRY--PERSONAL NAME
Personal name Amjad, Amjad Islām,
Dates associated with a name 1944-
9 (RLIN) 1998
245 10 - TITLE STATEMENT
Title ʻAks :
Remainder of title jadīd ʻArabī naẓmon̲ kā manẓūm tarjumah /
Statement of responsibility, etc. Amjad Islām Amjad.
260 ## - PUBLICATION, DISTRIBUTION, ETC.
Place of publication, distribution, etc. Lāhore :
Name of publisher, distributor, etc. Majlis-i Taraqqī-yi Adab,
Date of publication, distribution, etc. 1976.
300 ## - PHYSICAL DESCRIPTION
Extent 112 p. ;
Dimensions 21 cm.
500 ## - GENERAL NOTE
General note Poems.
500 ## - GENERAL NOTE
General note In Urdu.
650 #0 - SUBJECT ADDED ENTRY--TOPICAL TERM
Topical term or geographic name entry element Arabic poetry
Geographic subdivision Palestine
General subdivision Translations into Urdu.
9 (RLIN) 2003
650 #0 - SUBJECT ADDED ENTRY--TOPICAL TERM
Topical term or geographic name entry element Arabic poetry
Chronological subdivision 20th century
General subdivision Translations into Urdu.
9 (RLIN) 2004
880 ## - ALTERNATE GRAPHIC REPRESENTATION
Title عکس
Linkage 245-02\(3\r
c امجد اسلام امجد
880 ## - ALTERNATE GRAPHIC REPRESENTATION
Title امجد اسلام امجد
Linkage 100-01\(3\r
880 ## - ALTERNATE GRAPHIC REPRESENTATION
Title لاہور:
Linkage 260-03\(3\r
b سنگ میل پبلی کیشنز،
c 1991.
906 ## - LOCAL DATA ELEMENT F, LDF (RLIN)
a 7
b cbc
c orignew
d 4
e ncip
f 19
g y-gencatlg
942 ## - ADDED ENTRY ELEMENTS (KOHA)
Source of classification or shelving scheme
Koha item type Book
Holdings
Withdrawn status Lost status Source of classification or shelving scheme Damaged status Not for loan Collection code Permanent Location Current Location Shelving location Date acquired Total Checkouts Full call number Barcode Date last seen Date last checked out Copy number Price effective from Koha item type
            Central Library (CL) Central Library (CL) Fiction 06/06/2017 2 891.4391 AMJ CL2399 11/29/2021 10/11/2021 1 06/06/2017 Book
© 2023 Central Library, National University of Sciences and Technology. All Rights Reserved.